01059cam a22002895a 4500001001000000003000400010005001700014008004100031020001800072020001500090040004400105082002500149245009100174250003900265260004800304300004400352500005600396504005100452650003900503651001000542653002200552690004400574700002100618942000800639999001700647952010500664013190670OSt20201128024221.0040831t2005 nyua frb 001 0 eng d a9780393927504 a0393927504 aDLCcDLCdDLCdUkOxUdUkdEG-ScBUEbeng04a338.5024658222bMAN00aManagerial economics :btheory, applications, and cases /cW. Bruce Allen ... [et al.] a6th ed., International student ed. aNew York ;aLondon :bW.W. Norton,cc.2005. a1v. (Various pagings) :bill. ;c24 cm. aPrevious ed. by Edwin Mansfield ... [et al.]. 2002. aIncludes bibliographical references and index. 7aManagerial economics.2BUEsh92351 2BUEsh bGGENcJanuary20187 aManagement and Business Studies2blcoll1 aAllen, W. Bruce. 2ddc c25843d25815 00102ddc4070aMAINbMAINc1STd2018-01-02l0o338.5024658 MANp000047078r2025-07-15 00:00:00yBB